00569pab a2200157 454500008004000000100001800040245016000058260000900218300001300227362001200240650004500252650002500297700001900322700002500341773004500366180718b1998 xxu||||| |||| 00| 0 eng d aPrakash, T.N. aImpacts of cooperative on market structure and prices: the case of Central Arecanut and Cocoa Marketing and Processing Co-operative (CAMPCO) Ltd. Karnataka c1998 ap.333-43 aJul-Sep aAgricultural markets - India - Karnataka aAgricultural markets aAchoth, Lalith aUrs, Shrijay Devaraj aIndian Journal of Agricultural Economics